Datum a čas kvízu
28.5
Celkem bodů
Celkový počet nahraných bodů na tomto kvízu bez doplňovacích otázek.
6.
Pořadí na kvízu
Konečné umístění týmu na tomto kvízu.
Zaznamenané odpovědi
| # | Otázka | Odpověď | Body | Výsledky |
|---|---|---|---|---|
| 1. | Tělo nosorožce Súdána, který b... | v Keni | 0 | |
| 2. | Minulé úterý proběhla tiskem z... | v Maďarsku | 1 | |
| 3. | Minulý týden bylo oznámeno, že... | Bohumil Hrabal | 1 | |
| 4. | Která zahraniční společnost, p... | Tesla | 1 | |
| 5. | Za čtyři roky téměř 18 milionů... | Filip Chytil | 0 | |
| 6. | V tomto tématu bude vaším úkol... | Tři veteráni | 1 | |
| 7. | Vyberte jméno, které patří do... | A | 1 | |
| 8. | Seřaďte následující hlášky pod... | 1B 2A 3C 4D | 0 | |
| 9. | Věta „Děda je hodný, ale překá... | Na samotě u lesa, Komárek | 1 | |
| 10. | Pěti slovy dokončete hlášku z... | nebo se z toho zblázníš | 1 |